Sports Quiz

Random Sports or Olympics Quiz

2010 Winter Olympic Sports Quiz Stats

 Plays Quiz Updated Sep 17, 2018

Score 0/15 Timer 04:00
8 Plays Today
% Correct
Alpine Skiing
85.2%
Figure Skating
82%
Snowboarding
79.9%
Ice Hockey
79.9%
Bobsleigh
79.4%
Speed Skating
76.8%
Curling
76%
Luge
75.8%
% Correct
Cross-Country Skiing
68.2%
Ski Jumping
59.3%
Skeleton
53.8%
Biathlon
39.7%
Nordic Combined
25.3%
Freestyle Skiing
24.7%
Short Track
21.1%

You're not logged in!

Compare scores with friends on all Sporcle quizzes.
OR
Log In

You Might Also Like...

Show Comments

Extras

Top Quizzes Today


Score Distribution

Your Account Isn't Verified!

In order to create a playlist on Sporcle, you need to verify the email address you used during registration. Go to your Sporcle Settings to finish the process.

Report this User

Report this user for behavior that violates our Community Guidelines.

Details: